El intelectual latinoamericano: ¿continentalismo con sociedades fragmentadas? /
Guardado en:
| Hovedforfatter: | |
|---|---|
| Format: | Texto |
| Tags: |
Tilføj Tag
Ingen Tags, Vær først til at tagge denne postø!
|
MARC
| LEADER | 00000 a a2200000 04500 | ||
|---|---|---|---|
| 001 | 45739 | ||
| 003 | |||
| 040 | |||
| 100 | |a Gonzales Alvarado, Osmar | ||
| 245 | |a El intelectual latinoamericano: |b ¿continentalismo con sociedades fragmentadas? / |c Osmar Gonzales Alvarado | ||
| 773 | |g número245 (2013), páginas 87-98 | ||
| 999 | |c 25444 |d 25444 | ||
